000 00361nam a22001697a 4500
003 UA-OsUOA
001 4337
007 ta
008 20050721b un ||||| |||| 00| 0 ukr d
100 _aGardner
700 _aErle Stanley
942 _cBK
040 _aUA-OsUOA
_cUA-OsUOA
_dUA-OsUOA
245 _aThe Case of the Curious Bride
955 _a2
650 7 _2UDC
999 _c290499
_d290499